000 00680nam a2200217Ia 4500
003 GCL
008 140319s9999 xx 000 0 ara d
040 _aGCL /
_cGCL
082 0 4 _aد
_b050
_bا ك
100 1 _aكلية الهندسة المعمارية
245 1 0 _aالمجلة المعمارية /
_cكلية الهندسة المعمارية
260 _a[S.N] :
_bكلية الهندسة المعمارية
300 _a128
490 _aمع الاسلام
_v0
650 0 4 _aالهندسة
650 0 4 _aالتخطيط
650 0 4 _aالعمارة الاسلامية
650 0 4 _aالعمارة
650 0 4 _aالتصميم المعمارى
942 _2ddc
_cCF
999 _c27071
_d27071